| 000 | 01284nam a2200229Ia 4500 | ||
|---|---|---|---|
| 001 | b4711-30658 | ||
| 003 | IT-MiCISF | ||
| 008 | 161014s9999||||xx |||||||||||||| ||und|| | ||
| 040 |
_aIT-MiCISF _cIT-MiCISF |
||
| 041 | _ait | ||
| 100 | _aBaldo Elisabetta | ||
| 245 | 0 | _aStorie di padri adottivi | |
| 250 | _a1a ed. | ||
| 260 |
_a Milano _bAncora _c2000 |
||
| 300 | _app. 126 | ||
| 500 | _ain appendice testo della "legge 31 dicembre 1998, n. 476" / adozione, padre, esperienze, adozione-internazionale / Si tratta di un piccolo volume in cui sette padri adottivi raccontano la propria storia. Sono testimonianze tra loro simili e nello stesso tempo diversissime, che narrano le "classiche" tappe che normalmente percorre ogni coppia adottiva: la scoperta della sterilità, la decisione di adottare, l'iter burocratico, l'attesa, l'incontro con il figlio e il vissuto della famiglia nuova. L'esperienza dell'adozione è vista attraverso l'occhio e la sensibilità paterna: padri adottivi che si "raccontano" per aiutare altri "padri adottivi e naturali" a scoprire la bellezza e il significato della paternità. | ||
| 650 |
_a Dinamiche familiari / adozione-affido _e001 |
||
| 700 | _aRossi Veronica | ||
| 700 | _aUrsino Stefano | ||
| 942 | _cBK | ||
| 957 | _71 | ||
| 999 |
_a30658 _bsi _g1 _c212521 _d212521 |
||